000 00323nam a2200133Ia 4500
005 20251222143140.0
008 251222s9999||||xx |||||||||||||| ||spa||
020 _a9505573049
082 _a371.102/E28
100 _aEggen, Paul
245 0 _aEstrategias Docentes:
264 _bFondo de Cultura Económica
942 _cLIB
999 _c12278
_d12278